00602nam a2200205Ia 450000500170000000800410001702000140005804000190007204100120009108200180010310000210012124500980014226000340024030000100027450400500028465000150033465100160034970000210036585000100038620220929153549.0131103s9999 xx 000 0 und d a394725115 aLoreto College aEnglish a150.1943bRED aRedd, William H. aTake chargeb a personal guide to behavior modification cWilliam H. Redd and William Sleator aNew YorkbVintage Booksc1978 a183p  aIncludes bibliographical references and index aPsychology aBehaviorism aSleator, William aLCLIB